<?xml version="1.0" encoding="UTF-8"?>
<record
    xmlns:xsi="http://www.w3.org/2001/XMLSchema-instance"
    xsi:schemaLocation="http://www.loc.gov/MARC21/slim http://www.loc.gov/standards/marcxml/schema/MARC21slim.xsd"
    xmlns="http://www.loc.gov/MARC21/slim">

  <leader>01606cam a22004094a 4500</leader>
  <controlfield tag="001">14059204</controlfield>
  <controlfield tag="003">OSt</controlfield>
  <controlfield tag="005">20250920020004.0</controlfield>
  <controlfield tag="008">050730s2003    njua     b    001 0 eng c</controlfield>
  <datafield tag="010" ind1=" " ind2=" ">
    <subfield code="a">  2005274996</subfield>
  </datafield>
  <datafield tag="015" ind1=" " ind2=" ">
    <subfield code="a">GBA3-Y7595</subfield>
  </datafield>
  <datafield tag="020" ind1=" " ind2=" ">
    <subfield code="a">9788188689392</subfield>
  </datafield>
  <datafield tag="035" ind1=" " ind2=" ">
    <subfield code="a">14059204</subfield>
  </datafield>
  <datafield tag="035" ind1=" " ind2=" ">
    <subfield code="a">(OCoLC)51738532</subfield>
  </datafield>
  <datafield tag="040" ind1=" " ind2=" ">
    <subfield code="a">UKM</subfield>
    <subfield code="c">UKM</subfield>
    <subfield code="d">IXA</subfield>
    <subfield code="d">OKS</subfield>
    <subfield code="d">BAKER</subfield>
    <subfield code="d">DLC</subfield>
  </datafield>
  <datafield tag="042" ind1=" " ind2=" ">
    <subfield code="a">pcc</subfield>
  </datafield>
  <datafield tag="082" ind1="0" ind2="0">
    <subfield code="a">515</subfield>
    <subfield code="2">22</subfield>
    <subfield code="b">STE</subfield>
  </datafield>
  <datafield tag="100" ind1="1" ind2=" ">
    <subfield code="a">Stein, Elias M.,</subfield>
    <subfield code="d">1931-2018.</subfield>
    <subfield code="9">3526</subfield>
  </datafield>
  <datafield tag="245" ind1="1" ind2="0">
    <subfield code="a">Complex Analysis /</subfield>
    <subfield code="c">Elias M. Stein &amp; Rami Shakarchi.</subfield>
  </datafield>
  <datafield tag="260" ind1=" " ind2=" ">
    <subfield code="a">New Delhi :</subfield>
    <subfield code="b">Overseas Press (India) Pvt. Ltd.,</subfield>
    <subfield code="c">2006</subfield>
  </datafield>
  <datafield tag="300" ind1=" " ind2=" ">
    <subfield code="a">xvii, 379 p. :</subfield>
    <subfield code="b">ill. ;</subfield>
    <subfield code="c">24 cm.</subfield>
  </datafield>
  <datafield tag="336" ind1=" " ind2=" ">
    <subfield code="a">text</subfield>
    <subfield code="b">txt</subfield>
    <subfield code="2">rdacontent</subfield>
  </datafield>
  <datafield tag="337" ind1=" " ind2=" ">
    <subfield code="a">unmediated</subfield>
    <subfield code="b">n</subfield>
    <subfield code="2">rdamedia</subfield>
  </datafield>
  <datafield tag="338" ind1=" " ind2=" ">
    <subfield code="a">volume</subfield>
    <subfield code="b">nc</subfield>
    <subfield code="2">rdacarrier</subfield>
  </datafield>
  <datafield tag="440" ind1=" " ind2="0">
    <subfield code="a">Princeton lectures in analysis ;</subfield>
    <subfield code="v">2</subfield>
    <subfield code="9">3527</subfield>
  </datafield>
  <datafield tag="504" ind1=" " ind2=" ">
    <subfield code="a">Includes bibliographical references (p. [369]-371) and index.</subfield>
  </datafield>
  <datafield tag="650" ind1=" " ind2="0">
    <subfield code="a">Functions of complex variables.</subfield>
    <subfield code="9">1446</subfield>
  </datafield>
  <datafield tag="650" ind1=" " ind2="0">
    <subfield code="a">Mathematical analysis.</subfield>
    <subfield code="9">3538</subfield>
  </datafield>
  <datafield tag="700" ind1="1" ind2=" ">
    <subfield code="a">Shakarchi, Rami.</subfield>
    <subfield code="9">3528</subfield>
  </datafield>
  <datafield tag="856" ind1="4" ind2="2">
    <subfield code="3">Publisher description</subfield>
    <subfield code="u">http://www.loc.gov/catdir/enhancements/fy0654/2005274996-d.html</subfield>
  </datafield>
  <datafield tag="856" ind1="4" ind2="1">
    <subfield code="3">Table of contents only</subfield>
    <subfield code="u">http://www.loc.gov/catdir/enhancements/fy0654/2005274996-t.html</subfield>
  </datafield>
  <datafield tag="856" ind1="4" ind2="2">
    <subfield code="3">Contributor biographical information</subfield>
    <subfield code="u">http://www.loc.gov/catdir/enhancements/fy0705/2005274996-b.html</subfield>
  </datafield>
  <datafield tag="906" ind1=" " ind2=" ">
    <subfield code="a">7</subfield>
    <subfield code="b">cbc</subfield>
    <subfield code="c">pccadap</subfield>
    <subfield code="d">2</subfield>
    <subfield code="e">ncip</subfield>
    <subfield code="f">20</subfield>
    <subfield code="g">y-gencatlg</subfield>
  </datafield>
  <datafield tag="942" ind1=" " ind2=" ">
    <subfield code="2">ddc</subfield>
    <subfield code="c">BK</subfield>
    <subfield code="0">7</subfield>
  </datafield>
  <datafield tag="952" ind1=" " ind2=" ">
    <subfield code="0">0</subfield>
    <subfield code="1">0</subfield>
    <subfield code="2">ddc</subfield>
    <subfield code="4">0</subfield>
    <subfield code="7">3</subfield>
    <subfield code="8">REF</subfield>
    <subfield code="a">IITGCL</subfield>
    <subfield code="b">IITGCL</subfield>
    <subfield code="c">GEN</subfield>
    <subfield code="d">2025-07-28</subfield>
    <subfield code="e">Atlantic Publishers &amp; Distributors (P) Ltd.</subfield>
    <subfield code="g">995.00</subfield>
    <subfield code="l">0</subfield>
    <subfield code="o">515 /STE</subfield>
    <subfield code="p">4545</subfield>
    <subfield code="r">2025-07-28 16:16:21</subfield>
    <subfield code="t">1</subfield>
    <subfield code="v">995.00</subfield>
    <subfield code="w">2025-07-28</subfield>
    <subfield code="y">REF</subfield>
    <subfield code="z">1194240||16-06-2025||26.00%</subfield>
  </datafield>
  <datafield tag="952" ind1=" " ind2=" ">
    <subfield code="0">0</subfield>
    <subfield code="1">0</subfield>
    <subfield code="2">ddc</subfield>
    <subfield code="4">0</subfield>
    <subfield code="7">0</subfield>
    <subfield code="8">TECH</subfield>
    <subfield code="a">IITGCL</subfield>
    <subfield code="b">IITGCL</subfield>
    <subfield code="c">GEN</subfield>
    <subfield code="d">2025-07-28</subfield>
    <subfield code="e">Atlantic Publishers &amp; Distributors (P) Ltd.</subfield>
    <subfield code="g">995.00</subfield>
    <subfield code="l">2</subfield>
    <subfield code="o">515 /STE</subfield>
    <subfield code="p">4546</subfield>
    <subfield code="r">2025-09-25 11:00:29</subfield>
    <subfield code="s">2025-09-18</subfield>
    <subfield code="t">2</subfield>
    <subfield code="v">995.00</subfield>
    <subfield code="w">2025-07-28</subfield>
    <subfield code="y">BK</subfield>
    <subfield code="z">1194240||16-06-2025||26.00%</subfield>
  </datafield>
  <datafield tag="952" ind1=" " ind2=" ">
    <subfield code="0">0</subfield>
    <subfield code="1">0</subfield>
    <subfield code="2">ddc</subfield>
    <subfield code="4">0</subfield>
    <subfield code="7">0</subfield>
    <subfield code="8">TECH</subfield>
    <subfield code="a">IITGCL</subfield>
    <subfield code="b">IITGCL</subfield>
    <subfield code="c">GEN</subfield>
    <subfield code="d">2025-07-28</subfield>
    <subfield code="e">Atlantic Publishers &amp; Distributors (P) Ltd.</subfield>
    <subfield code="g">995.00</subfield>
    <subfield code="l">2</subfield>
    <subfield code="o">515 /STE</subfield>
    <subfield code="p">4547</subfield>
    <subfield code="r">2025-10-21 15:59:11</subfield>
    <subfield code="s">2025-09-19</subfield>
    <subfield code="t">3</subfield>
    <subfield code="v">995.00</subfield>
    <subfield code="w">2025-07-28</subfield>
    <subfield code="y">BK</subfield>
    <subfield code="z">1194240||16-06-2025||26.00%</subfield>
  </datafield>
  <datafield tag="952" ind1=" " ind2=" ">
    <subfield code="0">0</subfield>
    <subfield code="1">0</subfield>
    <subfield code="2">ddc</subfield>
    <subfield code="4">0</subfield>
    <subfield code="7">0</subfield>
    <subfield code="8">TECH</subfield>
    <subfield code="a">IITGCL</subfield>
    <subfield code="b">IITGCL</subfield>
    <subfield code="c">GEN</subfield>
    <subfield code="d">2025-07-28</subfield>
    <subfield code="e">Atlantic Publishers &amp; Distributors (P) Ltd.</subfield>
    <subfield code="g">995.00</subfield>
    <subfield code="l">1</subfield>
    <subfield code="o">515 /STE</subfield>
    <subfield code="p">4548</subfield>
    <subfield code="r">2025-10-06 11:50:34</subfield>
    <subfield code="s">2025-08-12</subfield>
    <subfield code="t">4</subfield>
    <subfield code="v">995.00</subfield>
    <subfield code="w">2025-07-28</subfield>
    <subfield code="y">BK</subfield>
    <subfield code="z">1194240||16-06-2025||26.00%</subfield>
  </datafield>
  <datafield tag="952" ind1=" " ind2=" ">
    <subfield code="0">0</subfield>
    <subfield code="1">0</subfield>
    <subfield code="2">ddc</subfield>
    <subfield code="4">0</subfield>
    <subfield code="7">0</subfield>
    <subfield code="8">TECH</subfield>
    <subfield code="a">IITGCL</subfield>
    <subfield code="b">IITGCL</subfield>
    <subfield code="c">GEN</subfield>
    <subfield code="d">2025-07-28</subfield>
    <subfield code="e">Atlantic Publishers &amp; Distributors (P) Ltd.</subfield>
    <subfield code="g">995.00</subfield>
    <subfield code="l">1</subfield>
    <subfield code="m">1</subfield>
    <subfield code="o">515 /STE</subfield>
    <subfield code="p">4549</subfield>
    <subfield code="r">2025-09-25 13:09:45</subfield>
    <subfield code="s">2025-08-08</subfield>
    <subfield code="t">5</subfield>
    <subfield code="v">995.00</subfield>
    <subfield code="w">2025-07-28</subfield>
    <subfield code="y">BK</subfield>
    <subfield code="z">1194240||16-06-2025||26.00%</subfield>
  </datafield>
  <datafield tag="952" ind1=" " ind2=" ">
    <subfield code="0">0</subfield>
    <subfield code="1">0</subfield>
    <subfield code="2">ddc</subfield>
    <subfield code="4">0</subfield>
    <subfield code="7">0</subfield>
    <subfield code="8">TECH</subfield>
    <subfield code="a">IITGCL</subfield>
    <subfield code="b">IITGCL</subfield>
    <subfield code="c">GEN</subfield>
    <subfield code="d">2025-07-28</subfield>
    <subfield code="e">Atlantic Publishers &amp; Distributors (P) Ltd.</subfield>
    <subfield code="g">995.00</subfield>
    <subfield code="l">1</subfield>
    <subfield code="o">515 /STE</subfield>
    <subfield code="p">4550</subfield>
    <subfield code="r">2025-09-09 09:55:54</subfield>
    <subfield code="s">2025-08-08</subfield>
    <subfield code="t">6</subfield>
    <subfield code="v">995.00</subfield>
    <subfield code="w">2025-07-28</subfield>
    <subfield code="y">BK</subfield>
    <subfield code="z">1194240||16-06-2025||26.00%</subfield>
  </datafield>
  <datafield tag="952" ind1=" " ind2=" ">
    <subfield code="0">0</subfield>
    <subfield code="1">0</subfield>
    <subfield code="2">ddc</subfield>
    <subfield code="4">0</subfield>
    <subfield code="7">0</subfield>
    <subfield code="8">TECH</subfield>
    <subfield code="a">IITGCL</subfield>
    <subfield code="b">IITGCL</subfield>
    <subfield code="c">GEN</subfield>
    <subfield code="d">2025-07-28</subfield>
    <subfield code="e">Atlantic Publishers &amp; Distributors (P) Ltd.</subfield>
    <subfield code="g">995.00</subfield>
    <subfield code="l">0</subfield>
    <subfield code="o">515 /STE</subfield>
    <subfield code="p">4551</subfield>
    <subfield code="r">2025-07-28 16:16:21</subfield>
    <subfield code="t">7</subfield>
    <subfield code="v">995.00</subfield>
    <subfield code="w">2025-07-28</subfield>
    <subfield code="y">BK</subfield>
    <subfield code="z">1194240||16-06-2025||26.00%</subfield>
  </datafield>
  <datafield tag="999" ind1=" " ind2=" ">
    <subfield code="c">1826</subfield>
    <subfield code="d">1826</subfield>
  </datafield>
</record>
